<?xml version="1.0" encoding="UTF-8"?>
<collection xmlns="http://www.loc.gov/MARC21/slim">
    <record>
        <controlfield tag="001">46289</controlfield>
        <controlfield tag="005">20170831220534.0</controlfield>
        <datafield tag="037" ind1=" " ind2=" ">
            <subfield code="a">GDOC-2010-0746</subfield>
        </datafield>
        <datafield tag="041" ind1=" " ind2=" ">
            <subfield code="a">spa</subfield>
        </datafield>
        <datafield tag="100" ind1=" " ind2=" ">
            <subfield code="0">(orcid)0000-0003-1732-9155</subfield>
            <subfield code="a">Canudo Sanagustín, José Ignacio</subfield>
        </datafield>
        <datafield tag="245" ind1="0" ind2="0">
            <subfield code="9">60331</subfield>
            <subfield code="a">Metodos y técnicas de campo y laboratorio en investigaciones paleontológicas</subfield>
        </datafield>
        <datafield tag="260" ind1=" " ind2=" ">
            <subfield code="a">Zaragoza</subfield>
            <subfield code="b">Universidad de Zaragoza</subfield>
            <subfield code="c">2010-2011</subfield>
        </datafield>
        <datafield tag="520" ind1=" " ind2=" ">
            <subfield code="a">Esta asignatura pretende dotar a los estudiantes de los conocimientos básicos para poder diseñar y desarrollar las actividades técnicas fundamentales en la Paleontología de Vertebrados. Esto incluye el trabajo de campo, como encontrar los fósiles de vertebrados, como se diseña una excavación, las técnicas más usuales de extracción de fósiles, como se deben preparar y almacenar los fósiles de vertebrados. También se enseña alguno de los programas más sencillos para desarrollar la investigación a partir de estudios morfométricos.</subfield>
        </datafield>
        <datafield tag="521" ind1=" " ind2=" ">
            <subfield code="9">601</subfield>
            <subfield code="a">Máster Universitario en Iniciación a la Investigación en Geología</subfield>
        </datafield>
        <datafield tag="540" ind1=" " ind2=" ">
            <subfield code="a">by-nc-sa</subfield>
            <subfield code="b">Creative Commons</subfield>
            <subfield code="c">3.0</subfield>
            <subfield code="u">http://creativecommons.org/licenses/by-nc-sa/3.0/</subfield>
        </datafield>
        <datafield tag="700" ind1=" " ind2=" ">
            <subfield code="a">Barco Rodriguez, Jose Luis</subfield>
        </datafield>
        <datafield tag="700" ind1=" " ind2=" ">
            <subfield code="0">(orcid)0000-0001-5125-9651</subfield>
            <subfield code="a">Cuenca Bescós, Gloria</subfield>
        </datafield>
        <datafield tag="700" ind1=" " ind2=" ">
            <subfield code="a">Gasca Perez, Jose Manuel</subfield>
        </datafield>
        <datafield tag="700" ind1=" " ind2=" ">
            <subfield code="a">Rabal Garces, Raquel</subfield>
        </datafield>
        <datafield tag="700" ind1=" " ind2=" ">
            <subfield code="a">Moreno Azanza, Miguel</subfield>
        </datafield>
        <datafield tag="830" ind1=" " ind2=" ">
            <subfield code="9">337</subfield>
        </datafield>
        <datafield tag="856" ind1="4" ind2=" ">
            <subfield code="s">83252</subfield>
            <subfield code="u">http://zaguan.unizar.es/record/46289/files/guia.pdf</subfield>
            <subfield code="y">Guía (idioma español)</subfield>
        </datafield>
        <datafield tag="980" ind1=" " ind2=" ">
            <subfield code="a">GDOC</subfield>
            <subfield code="b">Ciencias</subfield>
            <subfield code="c">100</subfield>
        </datafield>
    </record>

    
</collection>